000 00673nam a22002177a 4500
999 _c10684
_d10684
003 AR-CdUCM
008 190401b ||||| |||| 00| 0 spa d
040 _aMUNICIPALIDAD PROVINCIAL DEL CUSCO
_cBIBLIOTECA MUNICIPAL DEL CUSCO
082 _aES / 800 /
_bV52
100 _aVerne, Julio
_910153
245 _aAventuras del Capitán Hatteras /
260 _aBarcelona :
_bMateu.
300 _a287 páginas ;
_c20cm
440 _aColección Juvenil Cadete
_n33
_927664
505 _aContenido: Novela
650 _aNovela
_9572
650 _aLiteratura juvenil
_91580
700 _aRossell Pesant, Manuel (traducción)
_927665
942 _2ddc
_cLIBROS
945 _anom